000 00826nmm a2200301 a 4500
003 AR-BaBNM
005 20251128203552.0
008 287119s1940 ||||||||||||||000 | spa||
040 _cAR-BaBNM
100 1 _aWeber, Adolfo
245 1 0 _aPolítica económica
_bpolítica agraria, de las artes y oficios e industrial
_n1
260 _aBarcelona
_bBosch
_c1940
300 _a658 p.
_btablas
650 4 _aECONOMIA
650 4 _aDESARROLLO ECONOMICO Y SOCIAL
650 4 _aECONOMIA INDUSTRIAL
650 4 _aPOLITICA INDUSTRIAL
650 4 _aCOMERCIO
650 4 _aPOLITICA AGRARIA
650 4 _aPRODUCCION AGRICOLA
650 4 _aGANADERIA
650 4 _aESTADO
650 4 _aTIERRA
650 4 _aOFERTA Y DEMANDA
700 1 _aAlvarez de Cienfuegos y Cobos, José
_etraductor
942 _cBK
998 _cmariana
999 _c3966
_d3966